000 00542pab a2200193 454500
008 180718b2017 xxu||||| |||| 00| 0 eng d
100 _aMemon, Nazia Zabin
245 _aGender inequality, job satisfaction and job motivation: evidence from Indian female employees
260 _c2017
300 _ap.253-274.
362 _aAug
650 _aMotivation
650 _aJob satisfaction
650 _aWomen - India
650 _aWomen
700 _aJena, Lalatendu Kesari
773 _aManagement and Labour Studies
909 _a117117
999 _c117111
_d117111